| 000 | 00793cam a2200253 i 4500 | ||
|---|---|---|---|
| 001 | 3650537 | ||
| 003 | ARRUPE | ||
| 005 | 20220519113238.0 | ||
| 008 | 760811s1974 ke 000 0 eng | ||
| 010 | _a 75980090 | ||
| 040 |
_aDLC _cDLC _dDLC |
||
| 043 | _af------ | ||
| 050 | 0 | 0 |
_aJX1582 _b.H67 |
| 082 | 0 | 0 | _a327.6 |
| 245 | 0 | 0 |
_aHorizons of African diplomacy / _cedited by Yashpal Tandon and Dilshad Chandarana. |
| 260 |
_aNairobi : _bEast African Literature Bureau, _c1974. |
||
| 300 |
_avii, 259 p. ; _c22 cm. |
||
| 490 | 0 | _aAfrica international ; v. 1 | |
| 651 | 0 |
_aAfrica _xForeign relations _y1960- _921634 |
|
| 700 | 1 |
_aTandon, Yashpal, _d1939- _951669 |
|
| 700 | 1 |
_aChandarana, Dilshad. _951670 |
|
| 906 |
_a7 _bcbc _corignew _du _encip _f19 _gy-gencatlg |
||
| 942 |
_2lcc _cMONOGRAPH |
||
| 999 |
_c131459 _d131459 |
||